Alfred, Lord Tennyson - The Charge of the Light Brigade - Statistics

General Stats
  • This quiz has been taken 26 times
  • The average score is 153 of 265
Answer Stats
Answer % Correct
the
100%
a
94%
O
94%
of
94%
Death
83%
Death,
83%
in
83%
to
78%
an
72%
and
72%
Into
72%
All
67%
all
67%
Brigade!
67%
Brigade!"
67%
Brigade,
67%
hundred.
67%
Light
67%
Not
67%
not
67%
Rode
67%
rode
67%
six
67%
so
67%
valley
67%
he
61%
their
61%
they
61%
They
61%
Was
61%
was
61%
as
56%
but
56%
Charge
56%
charge
56%
die.
56%
for
56%
left
56%
Left
56%
them,
56%
them
56%
why,
56%
can
50%
Cannon
50%
do
50%
guns!"
50%
horse
50%
man
50%
onward,
50%
right
50%
Right
50%
said.
50%
soldier
50%
that
50%
When
50%
had
44%
Half
44%
half
44%
hell,
44%
league,
44%
league
44%
Theirs
44%
there
44%
there,
44%
thundered;
44%
at
39%
behind
39%
from
39%
front
39%
jaws
39%
reason
39%
through
39%
back,
33%
Back
33%
blundered.
33%
"Forward
33%
glory
33%
mouth
33%
Noble
33%
shot
33%
Then
33%
Volleyed
33%
well,
33%
well
33%
air
28%
Boldly
28%
fell.
28%
knew
28%
make
28%
Someone
28%
though
28%
with
28%
bare,
22%
broke;
22%
Came
22%
Cossack
22%
fade?
22%
Flashed
22%
fought
22%
line
22%
made!
22%
Reeled
22%
reply,
22%
Russian
22%
sabre
22%
sabres
22%
shell,
22%
smoke
22%
stroke
22%
army,
17%
battery
17%
Charging
17%
dismayed?
17%
gunners
17%
hero
17%
Honour
17%
Sabring
17%
Stormed
17%
sundered.
17%
turned
17%
while
17%
While
17%
wondered.
17%
world
17%
Plunged
11%
Shattered
11%
wild
11%
No matching quizzes found
Score Distribution
Percent of People with Each Score
Percentile by Number Answered
Your Score History
You have not taken this quiz